000 00529nam a22001817a 4500
005 20241002081813.0
008 241002b |||||||| |||| 00| 0 eng d
020 _a9780639013039
041 _aEnglish
082 _a347.7 HUS
100 _lEnglish
245 _aTrail Advocacy: The Art of Persuasion /
_cI Hussain
250 _aFirst Edition
260 _aDurban:
_bLexisNexis (Pty) Ltd,
_c2022
300 _bxviii, 333 pages;
_c25 cm.
650 _aLegal practice
_bLaw
942 _cBK
_6ALISON_BN_VRIES
999 _c3193
_d3193